| 000 | 00543nam a22001697a 4500 | ||
|---|---|---|---|
| 003 | OSt | ||
| 005 | 20260121055419.0 | ||
| 008 | 260121b |||||||| |||| 00| 0 eng d | ||
| 020 | _a971-791-507-5. | ||
| 040 |
_aDWC-Main lib. _cOC |
||
| 082 | _aFil. 371.102 Su724 2004 | ||
| 100 | _aSunga, Nilda R. | ||
| 245 |
_aA teacher's package on the art of classroom questioning/ _cNilda R. Sunga |
||
| 260 |
_aMandaluyong: _bSIBS Publishing House, Inc., _cc2004. |
||
| 300 |
_av, 246 pages : _c 22 centimeters. |
||
| 942 |
_2ddc _cBK - FIL _hFil. _n0 |
||
| 999 |
_c7655 _d7655 |
||